Bush wives and girl soldiers : (Record no. 10263)
[ view plain ]
| 000 -LEADER | |
|---|---|
| fixed length control field | 00500cam a2200169 4500 |
| 001 - CONTROL NUMBER | |
| control field | 4628 |
| 005 - DATE AND TIME OF LATEST TRANSACTION | |
| control field | 20250523160720.0 |
| 008 - FIXED-LENGTH DATA ELEMENTS--GENERAL INFORMATION | |
| fixed length control field | 130204s2013 enkb 000 1 eng |
| 010 ## - LIBRARY OF CONGRESS CONTROL NUMBER | |
| LC control number | 2013376193 |
| 020 ## - INTERNATIONAL STANDARD BOOK NUMBER | |
| International Standard Book Number | 9780801475122 |
| 082 ## - DEWEY DECIMAL CLASSIFICATION NUMBER | |
| Edition number | 320 COU |
| 100 1# - MAIN ENTRY--PERSONAL NAME | |
| Personal name | Coulter, Chris. |
| 245 14 - TITLE STATEMENT | |
| Title | Bush wives and girl soldiers : |
| Remainder of title | women's lives through war and peace in Sierra Leone / |
| 264 #1 - PRODUCTION, PUBLICATION, DISTRIBUTION, MANUFACTURE, AND COPYRIGHT NOTICE | |
| Place of production, publication, distribution, manufacture | London : |
| Name of producer, publisher, distributor, manufacturer | Cornell University Press, |
| Date of production, publication, distribution, manufacture, or copyright notice | 2009. |
| 300 ## - PHYSICAL DESCRIPTION | |
| Extent | ix, 285 p. : |
| Other physical details | ill. ; |
| Dimensions | 26 cm. |
| 942 ## - ADDED ENTRY ELEMENTS (KOHA) | |
| Source of classification or shelving scheme | Dewey Decimal Classification |
| Koha item type | Main |
| Withdrawn status | Lost status | Source of classification or shelving scheme | Damaged status | Not for loan | Collection code | Home library | Current library | Shelving location | Date acquired | Inventory number | Total Checkouts | Total Renewals | Full call number | Barcode | Date last seen | Date last checked out | Price effective from | Koha item type | Public note |
|---|---|---|---|---|---|---|---|---|---|---|---|---|---|---|---|---|---|---|---|
| Dewey Decimal Classification | Main TEST | RTC Library | RTC Library | Main opac | 23/05/2025 | 19323 | 1 | 4 | 320 COU | 30020541 | 31/10/2025 | 11/08/2025 | 23/05/2025 | Main | Donated by Dr. Dolma. |